| 000 | 01005nam0a2200301 4500 | ||
|---|---|---|---|
| 001 | RU\NLR\bibl\267084 | ||
| 005 | 20250620131758.0 | ||
| 010 |
_a5-87309-260-5 _9500 |
||
| 021 |
_aRU _b2002-26716 _91326 |
||
| 035 | _a(NLR Aleph) 000262652 | ||
| 090 |
_a1534513 _c1534513 |
||
| 100 | _a20020523d2002 |||y0rusy50 ca | ||
| 101 | 0 | _arus | |
| 102 | _aRU | ||
| 105 | _aa ||||||||| | ||
| 200 | 1 |
_aИнерционность в экономической системе _fВ.Л. Сиднина |
|
| 210 |
_aСаратов _cСГСЭУ _d2002 |
||
| 215 |
_a229,[2] с. _cил. _d20 |
||
| 320 | _aБиблиогр. в прим. в конце гл. | ||
| 606 | 0 |
_aИнерционность экономическая _xТеория _92231716 _3RU\NLR\auth\661339482 |
|
| 686 | _aУ010.2 | ||
| 700 | 1 |
_aСиднина _bВ. Л. _gВалентина Лаврентьевна _4070 |
|
| 801 | 0 |
_aRU _bNLR _c20020523 _gPSBO |
|
| 801 | 1 |
_aRU _bNLR _c20020523 |
|
| 942 | _cBOOK | ||
| 980 | _aNB | ||
| 980 | _aNBR | ||